000 01374cam a2200337 i 4500
001 61376
003 Mx-PuUPA
005 20250929151011.0
008 140718s2014 xxca gr 000 0 eng d
020 _a9781442601796
_qrústica
040 _aMx-PuUPA
_bspa
_cMx-PuUPA
_dMx-PuUPA
_erda
041 0 _aeng
043 _an------
100 1 _aHealy, Robert G.,
_eautor
_93330
245 1 0 _aEnvironmental policy in North America :
_bapproaches, capacity, an the management of transboundary issues /
_cRobert G. Healey, Debora L. VanNijatten, Marcela López-Vallejo.
264 1 _aCanada :
_bUniversity of Toronto Press,
_c2014
300 _axii, 216 páginas :
_bgráficas, mapas ;
_c23 cm
336 _atexto
_2rdacontent
_btxt
337 _asin medio
_2rdamedia
_bn
338 _avolumen
_2rdacarrier
_bnc
650 7 _2armarc
_aPolítica ambiental
_zAmérica del Norte
650 7 _2armarc
_aGestión ambiental
_zAmérica del Norte
650 7 _2armarc
_aPolítica ambiental
_xEstudio de casos
650 7 _2armarc
_aGestión ambiental
_xEstudio de casos
700 1 _aVan Nijnatten, Debora L.,
_eautor
_93331
700 1 _aLópez-Vallejo Olvera, Marcela,
_eautor
_93332
942 _2ddc
_cLI
_h363.705
_iH43
999 _c61376
_d61376